01615nam a2200349Ia 450000500170000000800410001702000180005804100080007608200170008410000150010124501690011625000220028530000480030752100360035553400440039165000650043565000610050065000630056165000660062465000640069070000260075470000430078094200120082326400320083533600270086733700330089433800280092704000350095599900150099095201340100595201260113920220317001754.0170328s2011 s o g 000 0 s  a9788467547436 aspa04a305.23bO55n1 aOmmer, Uwe10aNiños de los cinco continentescun libro de fotos de Uwe Ommer ; con textos de Laure Mistral y Anne-Sophie de Monsabert ; traducción del francés Fernando Bort aPrimera edición a340 páginasbfotografías a colorc24 cm aRecomendado desde los 12 años tHistoires d'enfants des cinq continents142LEMBaNiñosvFotografíasxCondiciones socialeszÁfrica142LEMBaNiñosvFotografíasxCondiciones socialeszAsia142LEMBaNiñosvFotografíasxCondiciones socialeszEuropa142LEMBaNiñosvFotografíasxCondiciones socialeszOceanía142LEMBaNiñosvFotografíasxCondiciones socialeszAmerica1 aMistral, Laure9904821 aBort Misol, Fernandoetraductor990483 2ddccBK aMadridbEdiciones SMcc2011 atextobtxt2rdacontent asin mediaciónbn2rdamedia avolumenbnc2rdacarrier aCO-BoRNBPbspaerdacCO-BoRNBP c8042d8042 00102ddc40708GENaMECASARIbMECASARIcGENd2024-11-10l0o305.23 - O55NpBM0001163r2024-11-10 16:39:10tEj.1w2024-11-10yBK 00102ddc4070aMELAJULIbMELAJULIcGENd2026-02-09l0o305.23 O55npJUL00186r2026-02-09 16:48:59tEj.1w2026-02-09yBK